فکر و تحقيق (Record no. 170818)

MARC details
000 -LEADER
fixed length control field 00596nam a22001937a 4500
005 - DATE AND TIME OF LATEST TRANSACTION
control field 20191226151842.0
010 ## - LCCN (DPL NO)
LC control number A-603669
020 ## - INTERNATIONAL STANDARD BOOK NUMBER
Terms of availability 15.00
International Standard Book Number -
035 ## - SYSTEM CONTROL NUMBER
System control number A-603669
037 ## - SOURCE OF ACQUISITION
Source of stock number/acquisition BPPD
082 ## - DEWEY DECIMAL CLASSIFICATION NUMBER
Classification number 840
100 ## - MAIN ENTRY--PERSONAL NAME
Personal name فہمید ہ بيگم
245 ## - TITLE STATEMENT
Title فکر و تحقيق
Statement of responsibility, etc فہمید ہ بيگم
246 ## - VARYING FORM OF TITLE
Title proper/short title Fikr-o-Tehqeeq (Urdu)
Remainder of title by Fehmida Begum
260 ## - PUBLICATION, DISTRIBUTION, ETC. (IMPRINT)
Place of publication, distribution, etc N.Delhi
Date of publication, distribution, etc 1990 ء
Name of publisher, distributor, etc Dr.Fehmida begum.Director Taraqui Urdu Beoro
270 ## - ADDRESS
Address West Block1,R.K.Puram,
City New Delhi
Telephone number -
Postal code 110066
300 ## - PHYSICAL DESCRIPTION
Extent 156 ص
Dimensions 22 cm(hb)
942 ## - ADDED ENTRY ELEMENTS (KOHA)
Source of classification or shelving scheme Dewey Decimal Classification
Item type Urdu Bks
Classification part 840
Call number suffix ف ک ر

No items available.


© Delhi Public Library
Hit Counter
free hit counter